000 00252nam a2200109Ia 4500
008 220204s9999 xx 000 0 und d
082 _a82-3
_bWAL
100 _aWalteri, Mika
245 4 _aThe Egyptian
260 _aNew York
_bBerkley
_c1978
942 _cBK
999 _c33506
_d33506